London Building Acts 1930-39 : By-laws mand on 2 Mar 1965 amending the London Building (Constructional) By-laws 1952 (Record no. 101902)

MARC details
000 -LEADER
fixed length control field 00822cam a2200229 4500
001 - CONTROL NUMBER
control field J116813
008 - FIXED-LENGTH DATA ELEMENTS--GENERAL INFORMATION
fixed length control field 020222n1965 000 0 eng u
035 ## - SYSTEM CONTROL NUMBER
System control number (Sirsi) u116813
050 ## - LIBRARY OF CONGRESS CALL NUMBER
Classification number 692.209421
110 ## - MAIN ENTRY--CORPORATE NAME
Corporate name or jurisdiction name as entry element London County Council
9 (RLIN) 1711
240 ## - UNIFORM TITLE
Uniform title London Building (Constructional) Amending By-laws (No.1) 1964
245 ## - TITLE STATEMENT
Title London Building Acts 1930-39 : By-laws mand on 2 Mar 1965 amending the London Building (Constructional) By-laws 1952
260 ## - PUBLICATION, DISTRIBUTION, ETC.
Place of publication, distribution, etc. London
Name of publisher, distributor, etc. LCC
Date of publication, distribution, etc. 1965
300 ## - PHYSICAL DESCRIPTION
Extent 78p.
Dimensions 30cm.
490 ## - SERIES STATEMENT
Series statement T.P
Volume/sequential designation 608
650 ## - SUBJECT ADDED ENTRY--TOPICAL TERM
Topical term or geographic name entry element BUILDING REGULATIONS
9 (RLIN) 6224
650 ## - SUBJECT ADDED ENTRY--TOPICAL TERM
Topical term or geographic name entry element LONDON BUILDING ACTS
650 ## - SUBJECT ADDED ENTRY--TOPICAL TERM
Topical term or geographic name entry element LONDON BUILDING (CONSTRUCTIONAL) BY-LAWS 1952
650 ## - SUBJECT ADDED ENTRY--TOPICAL TERM
Topical term or geographic name entry element LONDON BUILDING (CONSTRUCTIONAL) AMENDING BY-LAWS (NO.1) 1964
690 ## - LOCAL SUBJECT ADDED ENTRY--TOPICAL TERM (OCLC, RLIN)
Topical term or geographic name as entry element BUILT ENVIRONMENT-BUILDING STANDARDS
942 ## - ADDED ENTRY ELEMENTS (KOHA)
Suppress in OPAC 0
Holdings
Withdrawn status Lost status Source of classification or shelving scheme Damaged status Not for loan Home library Current library Shelving location Date acquired Total Checkouts Full call number Barcode Date last seen Date last checked out Copy number Price effective from Koha item type
    Dewey Decimal Classification     London London Basement 22/02/2002 1 SHELF 326 30010096 06/08/2019 22/02/2002 1 06/08/2019 Reference material